[Event "Deutsche Ländermeisterschaft 2022"]
[Site "Wiesbaden GER"]
[Date "2022.10.03"]
[Round "6"]
[White "Weishäutel, Moritz"]
[Black "Holinka, Henning"]
[Result "1-0"]
[Termination "normal"]
[Board "5.1"]
[WhiteTitle "FM"]
[WhiteElo "2401"]
[BlackElo "2245"]
[WhiteClock "00:46:05"]
[BlackClock "00:01:21"]
[WhiteTeam "Thüringen"]
[BlackTeam "Hamburg"]
[PlyCount "77"]
[WhiteFideId "12967300"]
[BlackFideId "12967084"]
[EventCountry "GER"]
[EventRounds "7"]
[EventType "team-swiss"]
[EventDate "2022.09.30"]

1. d4 {[%clk 1:30:58]} d5 {[%clk 1:30:54]} 2. Nc3 {[%clk 1:31:24]} Nf6 {[%clk
1:30:59]} 3. Bf4 {[%clk 1:31:49]} c5 {[%clk 1:31:10]} 4. e4 {[%clk 1:32:15]}
cxd4 {[%clk 1:30:17]} 5. Qxd4 {[%clk 1:32:39]} Nc6 {[%clk 1:30:40]} 6. Bb5
{[%clk 1:33:06]} Bd7 {[%clk 1:30:55]} 7. Bxc6 {[%clk 1:33:32]} Bxc6 {[%clk
1:31:19]} 8. e5 {[%clk 1:33:59]} Nd7 {[%clk 1:31:36]} 9. e6 {[%clk 1:34:26]}
fxe6 {[%clk 1:32:00]} 10. Nf3 {[%clk 1:34:53]} Qb6 {[%clk 1:32:19]} 11. Qd2 d4
{[%clk 1:12:25]} 12. Qxd4 {[%clk 1:35:25]} Qxd4 {[%clk 1:11:53]} 13. Nxd4
{[%clk 1:35:50]} e5 {[%clk 1:11:54]} 14. Nxc6 {[%clk 1:36:07]} bxc6 {[%clk
1:07:46]} 15. Bg3 {[%clk 1:34:00]} g6 {[%clk 0:58:38]} 16. O-O-O {[%clk
1:32:43]} O-O-O {[%clk 0:49:32]} 17. Rhe1 {[%clk 1:31:27]} Bg7 {[%clk 0:46:31]}
18. f3 {[%clk 1:27:55]} Rhf8 {[%clk 0:31:28]} 19. Kb1 {[%clk 1:18:15]} Rf5
{[%clk 0:24:36]} 20. Ne4 {[%clk 1:16:18]} Nb6 {[%clk 0:19:27]} 21. Rxd8+ {[%clk
1:16:02]} Kxd8 {[%clk 0:19:56]} 22. Nc5 {[%clk 1:15:35]} Kc8 {[%clk 0:16:15]}
23. Nd3 {[%clk 1:15:50]} Nd7 {[%clk 0:16:02]} 24. Re4 {[%clk 1:15:27]} a6
{[%clk 0:11:02]} 25. c3 {[%clk 1:10:32]} h5 {[%clk 0:07:53]} 26. Kc2 {[%clk
1:09:07]} Bf6 {[%clk 0:07:24]} 27. Bf2 {[%clk 1:06:23]} Bg5 {[%clk 0:06:30]}
28. Bg3 {[%clk 1:03:11]} Bf6 {[%clk 0:06:02]} 29. Bf2 {[%clk 0:59:27]} Bg5
{[%clk 0:06:12]} 30. Kd1 {[%clk 0:59:51]} Bf4 {[%clk 0:05:44]} 31. g3 {[%clk
0:59:30]} Bh6 {[%clk 0:04:18]} 32. Ke2 {[%clk 0:59:42]} Bg7 {[%clk 0:04:20]}
33. g4 {[%clk 0:48:24]} hxg4 {[%clk 0:02:32]} 34. fxg4 {[%clk 0:48:51]} Rg5
{[%clk 0:01:01]} 35. Kf3 {[%clk 0:46:04]} Nf6 {[%clk 0:00:56]} 36. Nc5 {[%clk
0:45:05]} Nxe4 {[%clk 0:00:37]} 37. Nxe4 {[%clk 0:45:31]} Rf5+ {[%clk 0:00:56]}
38. gxf5 {[%clk 0:45:55]} gxf5 {[%clk 0:01:21]} 39. Nc5 {[%clk 0:46:05]} 1-0

[Event "Deutsche Ländermeisterschaft 2022"]
[Site "Wiesbaden GER"]
[Date "2022.10.03"]
[Round "6"]
[White "Hommer, Jeremy"]
[Black "Müller, Magnus"]
[Result "1/2-1/2"]
[Termination "normal"]
[Board "5.2"]
[WhiteElo "2184"]
[BlackElo "2004"]
[WhiteClock "00:12:45"]
[BlackClock "00:38:33"]
[WhiteTeam "Hamburg"]
[BlackTeam "Thüringen"]
[PlyCount "73"]
[WhiteFideId "12992577"]
[BlackFideId "16230060"]
[EventCountry "GER"]
[EventRounds "7"]
[EventType "team-swiss"]
[EventDate "2022.09.30"]

1. d4 {[%clk 1:30:56]} Nf6 {[%clk 1:30:02]} 2. Nf3 {[%clk 1:31:19]} d5 {[%clk
1:30:15]} 3. Bf4 {[%clk 1:31:36]} c5 {[%clk 1:29:37]} 4. e3 {[%clk 1:31:59]} e6
{[%clk 1:29:11]} 5. Nbd2 {[%clk 1:31:57]} Bd6 {[%clk 1:29:35]} 6. Ne5 {[%clk
1:30:09]} O-O {[%clk 1:26:38]} 7. c3 {[%clk 1:29:27]} Nc6 {[%clk 1:19:14]} 8.
Bd3 {[%clk 1:29:27]} Qc7 {[%clk 1:17:57]} 9. Ndf3 {[%clk 1:29:32]} Ne4 {[%clk
1:08:29]} 10. O-O {[%clk 1:21:48]} f5 {[%clk 1:07:15]} 11. h4 {[%clk 1:07:29]}
Nf6 {[%clk 1:01:37]} 12. Nxc6 {[%clk 0:59:20]} bxc6 13. Bxd6 {[%clk 0:57:43]}
Qxd6 {[%clk 1:01:35]} 14. Ne5 {[%clk 0:57:50]} Nd7 {[%clk 0:59:12]} 15. f4
{[%clk 0:55:18]} cxd4 {[%clk 0:55:26]} 16. exd4 {[%clk 0:52:46]} c5 {[%clk
0:54:48]} 17. Qd2 {[%clk 0:49:36]} Rb8 18. Rab1 {[%clk 0:49:52]} cxd4 {[%clk
0:54:26]} 19. cxd4 Nxe5 20. fxe5 {[%clk 0:49:25]} Qb6 {[%clk 0:54:10]} 21. Qe3
{[%clk 0:44:43]} Ba6 22. Bxa6 {[%clk 0:40:13]} Qxa6 {[%clk 0:52:10]} 23. a3
{[%clk 0:40:34]} Rfc8 {[%clk 0:52:07]} 24. b4 {[%clk 0:39:47]} Rc2 {[%clk
0:51:08]} 25. Rbc1 {[%clk 0:37:51]} Rxc1 {[%clk 0:50:43]} 26. Rxc1 {[%clk
0:37:55]} Rc8 {[%clk 0:50:56]} 27. Rc5 {[%clk 0:36:28]} Rxc5 {[%clk 0:48:48]}
28. bxc5 {[%clk 0:34:16]} Qc4 29. Qd2 {[%clk 0:29:41]} Kf7 {[%clk 0:44:18]} 30.
Kh2 {[%clk 0:28:08]} Qb3 {[%clk 0:43:44]} 31. Qc1 {[%clk 0:23:25]} Qc4 {[%clk
0:43:29]} 32. Qb2 {[%clk 0:22:54]} Kg6 {[%clk 0:42:39]} 33. Qb4 {[%clk
0:18:30]} Qc1 {[%clk 0:40:12]} 34. Qb3 {[%clk 0:15:57]} Kf7 {[%clk 0:38:04]}
35. Qb7+ {[%clk 0:14:01]} Kg6 {[%clk 0:38:09]} 36. Qb3 {[%clk 0:13:34]} Kf7
{[%clk 0:38:33]} 37. Qb7+ {[%clk 0:12:45]} 1/2-1/2

[Event "Deutsche Ländermeisterschaft 2022"]
[Site "Wiesbaden GER"]
[Date "2022.10.03"]
[Round "6"]
[White "Bock, Marlon"]
[Black "Popist, Florian"]
[Result "1/2-1/2"]
[Termination "normal"]
[Board "5.3"]
[WhiteElo "1866"]
[BlackElo "2187"]
[WhiteClock "00:21:04"]
[BlackClock "00:23:33"]
[WhiteTeam "Thüringen"]
[BlackTeam "Hamburg"]
[PlyCount "87"]
[WhiteFideId "16244931"]
[BlackFideId "16203518"]
[EventCountry "GER"]
[EventRounds "7"]
[EventType "team-swiss"]
[EventDate "2022.09.30"]

1. d4 {[%clk 1:30:57]} d5 {[%clk 1:30:54]} 2. Nf3 {[%clk 1:31:23]} Nf6 {[%clk
1:31:17]} 3. e3 {[%clk 1:31:45]} c5 {[%clk 1:30:30]} 4. b3 {[%clk 1:31:38]}
cxd4 {[%clk 1:30:41]} 5. exd4 {[%clk 1:31:38]} Nc6 {[%clk 1:30:31]} 6. Bb2
{[%clk 1:27:33]} Bf5 {[%clk 1:30:17]} 7. a3 {[%clk 1:20:25]} e6 {[%clk
1:29:53]} 8. Be2 {[%clk 1:19:21]} Nd7 {[%clk 1:27:25]} 9. Nbd2 {[%clk 1:16:23]}
Qc7 {[%clk 1:25:16]} 10. Rc1 {[%clk 1:12:06]} Be7 {[%clk 1:24:59]} 11. c4
{[%clk 1:07:53]} Bf6 {[%clk 1:24:14]} 12. O-O {[%clk 1:02:37]} O-O {[%clk
1:23:06]} 13. Re1 {[%clk 0:57:01]} dxc4 {[%clk 1:15:20]} 14. Nxc4 {[%clk
0:48:40]} Rad8 {[%clk 1:10:46]} 15. b4 {[%clk 0:39:46]} Qb8 {[%clk 1:10:03]}
16. Qb3 {[%clk 0:38:03]} Nb6 {[%clk 1:03:45]} 17. Nxb6 {[%clk 0:34:54]} axb6
{[%clk 1:04:13]} 18. Red1 {[%clk 0:33:20]} Be4 {[%clk 1:02:50]} 19. Qe3 {[%clk
0:31:49]} Bd5 {[%clk 1:02:09]} 20. Ne5 {[%clk 0:30:13]} Qd6 {[%clk 0:54:37]}
21. Rd2 {[%clk 0:25:03]} Bxg2 {[%clk 0:39:00]} 22. Ng4 {[%clk 0:16:09]} Be7
{[%clk 0:24:31]} 23. Kxg2 {[%clk 0:14:41]} f5 {[%clk 0:24:40]} 24. Rcd1 {[%clk
0:11:04]} fxg4 {[%clk 0:20:38]} 25. d5 {[%clk 0:09:35]} exd5 {[%clk 0:18:56]}
26. Rxd5 {[%clk 0:08:55]} Qg6 {[%clk 0:17:22]} 27. Rxd8 {[%clk 0:06:59]} Bxd8
{[%clk 0:17:03]} 28. Rd7 {[%clk 0:06:18]} Bf6 {[%clk 0:17:01]} 29. Bc4+ {[%clk
0:06:00]} Kh8 {[%clk 0:17:16]} 30. Rf7 {[%clk 0:04:45]} Qxf7 {[%clk 0:13:14]}
31. Bxf7 {[%clk 0:05:04]} Bxb2 {[%clk 0:13:40]} 32. b5 {[%clk 0:03:33]} Ne5
{[%clk 0:10:02]} 33. Bd5 {[%clk 0:03:15]} Rd8 {[%clk 0:09:00]} 34. Bxb7 {[%clk
0:02:48]} Bd4 {[%clk 0:08:58]} 35. Qe2 {[%clk 0:01:52]} Rf8 {[%clk 0:08:27]}
36. a4 {[%clk 0:01:27]} Rxf2+ {[%clk 0:06:26]} 37. Qxf2 {[%clk 0:01:49]} Bxf2
{[%clk 0:06:51]} 38. Kxf2 {[%clk 0:02:06]} Nd3+ {[%clk 0:05:48]} 39. Kg3 {[%clk
0:01:00]} Nc5 {[%clk 0:06:10]} 40. a5 {[%clk 0:00:40]} bxa5 {[%clk 0:06:17]}
41. Bd5 {[%clk 0:28:16]} g6 {[%clk 0:27:05]} 42. Kxg4 {[%clk 0:23:46]} Kg7
{[%clk 0:26:55]} 43. b6 {[%clk 0:23:28]} a4 {[%clk 0:23:33]} 44. b7 {[%clk
0:21:04]} 1/2-1/2

[Event "Deutsche Ländermeisterschaft 2022"]
[Site "Wiesbaden GER"]
[Date "2022.10.03"]
[Round "6"]
[White "Färber, David"]
[Black "Großmann, Piet"]
[Result "1-0"]
[Termination "normal"]
[Board "6.1"]
[WhiteElo "2354"]
[BlackElo "1945"]
[WhiteClock "00:07:44"]
[BlackClock "00:05:07"]
[WhiteTeam "Baden 2"]
[BlackTeam "Mecklenburg-Vorpommern"]
[PlyCount "71"]
[WhiteFideId "12971294"]
[BlackFideId "16234359"]
[EventCountry "GER"]
[EventRounds "7"]
[EventType "team-swiss"]
[EventDate "2022.09.30"]

1. e4 {[%clk 1:30:57]} e6 {[%clk 1:30:56]} 2. d4 {[%clk 1:31:19]} d5 {[%clk
1:31:22]} 3. Nd2 {[%clk 1:31:41]} c5 {[%clk 1:31:18]} 4. Ngf3 {[%clk 1:31:54]}
Nc6 {[%clk 1:31:35]} 5. exd5 {[%clk 1:32:13]} exd5 {[%clk 1:31:57]} 6. Bb5
{[%clk 1:32:32]} Bd6 {[%clk 1:32:15]} 7. dxc5 {[%clk 1:32:54]} Bxc5 {[%clk
1:32:40]} 8. O-O {[%clk 1:33:13]} Nge7 {[%clk 1:33:06]} 9. Nb3 {[%clk 1:33:27]}
Bd6 {[%clk 1:33:31]} 10. Re1 {[%clk 1:33:46]} O-O {[%clk 1:33:55]} 11. Bd3
{[%clk 1:34:04]} h6 {[%clk 1:24:56]} 12. h3 {[%clk 1:34:07]} Nf5 {[%clk
1:24:47]} 13. c3 {[%clk 1:34:24]} Qf6 {[%clk 1:21:57]} 14. Bc2 {[%clk 1:33:49]}
Rd8 {[%clk 1:20:11]} 15. Qd3 {[%clk 1:33:02]} g6 {[%clk 1:19:08]} 16. Bd2
{[%clk 1:30:36]} Be6 {[%clk 1:13:33]} 17. Rad1 {[%clk 1:16:04]} Bf8 {[%clk
1:06:04]} 18. Qb5 {[%clk 0:56:43]} Nd6 {[%clk 1:03:20]} 19. Qe2 {[%clk
0:52:58]} Re8 {[%clk 0:50:39]} 20. Be3 {[%clk 0:47:55]} Nc4 {[%clk 0:46:47]}
21. Bd3 {[%clk 0:47:05]} Nxe3 {[%clk 0:44:41]} 22. fxe3 {[%clk 0:46:58]} Bf5
{[%clk 0:39:27]} 23. Bxf5 {[%clk 0:43:10]} Qxf5 {[%clk 0:39:12]} 24. Qb5 {[%clk
0:43:17]} Rad8 {[%clk 0:35:15]} 25. Qxb7 {[%clk 0:35:25]} Ne5 {[%clk 0:34:59]}
26. Nbd4 {[%clk 0:34:51]} Nxf3+ {[%clk 0:33:19]} 27. Nxf3 {[%clk 0:35:15]} Bc5
{[%clk 0:31:15]} 28. Nd4 {[%clk 0:30:25]} Qg5 {[%clk 0:30:12]} 29. Qb5 {[%clk
0:25:11]} Bd6 {[%clk 0:18:21]} 30. Nf3 {[%clk 0:19:50]} Qg3 {[%clk 0:16:08]}
31. Rxd5 {[%clk 0:14:44]} Rb8 {[%clk 0:15:58]} 32. Qe2 {[%clk 0:11:49]} Bf4
{[%clk 0:10:56]} 33. Rd3 {[%clk 0:09:06]} g5 {[%clk 0:06:46]} 34. b3 {[%clk
0:07:50]} h5 {[%clk 0:05:55]} 35. Qf2 {[%clk 0:07:37]} g4 {[%clk 0:05:07]} 36.
exf4 {[%clk 0:07:44]} 1-0

[Event "Deutsche Ländermeisterschaft 2022"]
[Site "Wiesbaden GER"]
[Date "2022.10.03"]
[Round "6"]
[White "Lange, Jannis"]
[Black "Koll, Linus"]
[Result "1/2-1/2"]
[Termination "normal"]
[Board "6.2"]
[WhiteElo "2085"]
[BlackElo "2060"]
[WhiteClock "00:01:41"]
[BlackClock "00:03:28"]
[WhiteTeam "Mecklenburg-Vorpommern"]
[BlackTeam "Baden 2"]
[PlyCount "86"]
[WhiteFideId "12993107"]
[BlackFideId "12990299"]
[EventCountry "GER"]
[EventRounds "7"]
[EventType "team-swiss"]
[EventDate "2022.09.30"]

1. e4 {[%clk 1:30:58]} c5 {[%clk 1:30:56]} 2. Nf3 {[%clk 1:31:24]} d6 {[%clk
1:31:23]} 3. Bb5+ {[%clk 1:31:08]} Bd7 {[%clk 1:28:20]} 4. Bxd7+ {[%clk
1:31:18]} Qxd7 {[%clk 1:28:29]} 5. c4 {[%clk 1:29:36]} Nc6 {[%clk 1:25:57]} 6.
d4 {[%clk 1:29:24]} cxd4 {[%clk 1:24:55]} 7. Nxd4 {[%clk 1:29:49]} g6 {[%clk
1:22:47]} 8. Nc3 {[%clk 1:30:07]} Bg7 {[%clk 1:22:40]} 9. Be3 {[%clk 1:29:26]}
Nf6 {[%clk 1:22:53]} 10. f3 {[%clk 1:29:29]} O-O {[%clk 1:22:59]} 11. O-O
{[%clk 1:29:35]} Rfd8 {[%clk 1:05:35]} 12. Qd2 {[%clk 1:29:05]} Nxd4 {[%clk
0:51:47]} 13. Bxd4 {[%clk 1:29:06]} Qc6 {[%clk 0:49:36]} 14. b3 {[%clk
1:29:10]} e6 {[%clk 0:45:49]} 15. Rac1 {[%clk 1:26:09]} Rd7 {[%clk 0:45:42]}
16. Rfd1 {[%clk 1:26:03]} Rad8 {[%clk 0:43:54]} 17. Qf2 {[%clk 1:21:00]} b6
{[%clk 0:41:41]} 18. Rc2 {[%clk 1:16:14]} Ne8 {[%clk 0:34:00]} 19. Rcd2 {[%clk
1:12:39]} Bxd4 {[%clk 0:31:33]} 20. Rxd4 {[%clk 1:00:08]} Nc7 {[%clk 0:31:28]}
21. Qd2 {[%clk 0:55:30]} b5 {[%clk 0:30:22]} 22. Nxb5 {[%clk 0:47:48]} Nxb5
{[%clk 0:30:29]} 23. cxb5 {[%clk 0:48:14]} Qxb5 {[%clk 0:30:56]} 24. Qb4 {[%clk
0:43:45]} Qxb4 {[%clk 0:27:00]} 25. Rxb4 {[%clk 0:43:09]} Rc8 {[%clk 0:27:12]}
26. Rd2 {[%clk 0:42:18]} Kf8 {[%clk 0:26:53]} 27. Rbd4 {[%clk 0:41:04]} Ke7
{[%clk 0:26:34]} 28. Kf2 {[%clk 0:40:59]} f6 {[%clk 0:24:59]} 29. Ra4 {[%clk
0:38:34]} Rc6 {[%clk 0:24:04]} 30. Ra5 {[%clk 0:35:51]} Rdc7 {[%clk 0:18:47]}
31. Kg3 {[%clk 0:35:46]} Rc5 {[%clk 0:18:33]} 32. Ra6 {[%clk 0:29:39]} R5c6
{[%clk 0:18:27]} 33. Ra4 {[%clk 0:28:40]} h5 {[%clk 0:17:44]} 34. b4 {[%clk
0:24:14]} f5 {[%clk 0:12:08]} 35. b5 {[%clk 0:17:32]} Rb6 {[%clk 0:09:37]} 36.
Ra5 {[%clk 0:17:37]} a6 {[%clk 0:08:33]} 37. a4 {[%clk 0:07:22]} Rcb7 {[%clk
0:06:31]} 38. Rb2 {[%clk 0:05:48]} axb5 {[%clk 0:06:51]} 39. Raxb5 {[%clk
0:04:05]} Rxb5 {[%clk 0:07:00]} 40. axb5 {[%clk 0:03:47]} fxe4 {[%clk 0:03:18]}
41. fxe4 {[%clk 0:03:40]} Rb6 {[%clk 0:03:24]} 42. Kf4 {[%clk 0:03:24]} Kf6
{[%clk 0:03:28]} 43. h4 {[%clk 0:01:41]} e5+ 1/2-1/2

[Event "Deutsche Ländermeisterschaft 2022"]
[Site "Wiesbaden GER"]
[Date "2022.10.03"]
[Round "6"]
[White "Jeschke, Jan"]
[Black "Schmider, Niklas"]
[Result "1-0"]
[Termination "normal"]
[Board "7.1"]
[BlackTitle "FM"]
[WhiteElo "2146"]
[BlackElo "2407"]
[WhiteClock "00:05:32"]
[BlackClock "00:00:33"]
[WhiteTeam "Saarland"]
[BlackTeam "Baden 1"]
[PlyCount "81"]
[WhiteFideId "16225430"]
[BlackFideId "12993778"]
[EventCountry "GER"]
[EventRounds "7"]
[EventType "team-swiss"]
[EventDate "2022.09.30"]

1. e4 {[%clk 1:30:54]} c5 {[%clk 1:30:52]} 2. Nf3 {[%clk 1:31:10]} d6 {[%clk
1:31:15]} 3. d4 {[%clk 1:31:33]} cxd4 {[%clk 1:31:42]} 4. Nxd4 {[%clk 1:31:57]}
Nf6 {[%clk 1:32:08]} 5. Nc3 {[%clk 1:32:21]} a6 {[%clk 1:32:34]} 6. f3 {[%clk
1:32:11]} e5 {[%clk 1:32:48]} 7. Nb3 {[%clk 1:32:31]} h5 {[%clk 1:32:26]} 8.
Be3 {[%clk 1:32:45]} Be6 {[%clk 1:32:46]} 9. Nd5 {[%clk 1:31:27]} Bxd5 {[%clk
1:32:45]} 10. exd5 {[%clk 1:31:51]} Nbd7 {[%clk 1:32:50]} 11. Qd2 {[%clk
1:31:29]} Rc8 {[%clk 1:26:19]} 12. c4 {[%clk 1:28:00]} b6 {[%clk 1:21:58]} 13.
Be2 {[%clk 1:26:55]} g6 {[%clk 1:18:09]} 14. O-O {[%clk 1:27:12]} Bg7 {[%clk
1:17:20]} 15. Rae1 {[%clk 1:18:24]} O-O {[%clk 1:13:42]} 16. g4 {[%clk
1:17:59]} a5 {[%clk 1:01:37]} 17. Kh1 {[%clk 1:01:31]} Qc7 {[%clk 0:46:00]} 18.
g5 {[%clk 0:40:32]} Nh7 {[%clk 0:45:01]} 19. Na1 {[%clk 0:40:01]} Nc5 {[%clk
0:41:01]} 20. Nc2 {[%clk 0:38:42]} Rfe8 {[%clk 0:37:59]} 21. Na3 {[%clk
0:38:36]} Qd7 {[%clk 0:36:19]} 22. Nb5 {[%clk 0:37:58]} Rcd8 {[%clk 0:34:47]}
23. Bd1 {[%clk 0:34:20]} e4 {[%clk 0:29:52]} 24. f4 {[%clk 0:23:21]} Nd3 {[%clk
0:26:41]} 25. Bxb6 {[%clk 0:23:19]} Rc8 {[%clk 0:25:27]} 26. b3 {[%clk
0:22:57]} Nxe1 {[%clk 0:24:36]} 27. Rxe1 {[%clk 0:23:18]} a4 {[%clk 0:20:17]}
28. Qe3 {[%clk 0:19:56]} axb3 {[%clk 0:18:35]} 29. Bxb3 {[%clk 0:19:58]} f6
{[%clk 0:15:40]} 30. Nxd6 {[%clk 0:14:44]} Qxd6 {[%clk 0:07:22]} 31. c5 {[%clk
0:15:02]} Qd7 {[%clk 0:06:49]} 32. c6 {[%clk 0:15:15]} Qg4 {[%clk 0:06:36]} 33.
d6+ {[%clk 0:15:30]} Kh8 {[%clk 0:06:57]} 34. d7 {[%clk 0:15:43]} fxg5 {[%clk
0:07:20]} 35. fxg5 {[%clk 0:10:09]} Rf8 {[%clk 0:06:29]} 36. dxc8=Q {[%clk
0:09:17]} Qxc8 {[%clk 0:06:08]} 37. Bd5 {[%clk 0:09:11]} Re8 {[%clk 0:00:48]}
38. c7 {[%clk 0:07:54]} Re5 {[%clk 0:00:48]} 39. Bb3 {[%clk 0:05:19]} Rxg5
{[%clk 0:00:35]} 40. Rd1 {[%clk 0:05:32]} Nf8 {[%clk 0:00:33]} 41. Qxg5 1-0

[Event "Deutsche Ländermeisterschaft 2022"]
[Site "Wiesbaden GER"]
[Date "2022.10.03"]
[Round "6"]
[White "Nied, Pascal"]
[Black "Chassard, Cedric"]
[Result "1-0"]
[Termination "normal"]
[Board "7.2"]
[WhiteElo "2131"]
[BlackElo "2042"]
[WhiteClock "00:28:34"]
[BlackClock "00:10:39"]
[WhiteTeam "Baden 1"]
[BlackTeam "Saarland"]
[PlyCount "67"]
[WhiteFideId "16260597"]
[BlackFideId "16243536"]
[EventCountry "GER"]
[EventRounds "7"]
[EventType "team-swiss"]
[EventDate "2022.09.30"]

1. e4 {[%clk 1:30:59]} c5 {[%clk 1:30:55]} 2. Nf3 {[%clk 1:31:26]} d6 {[%clk
1:31:19]} 3. d4 {[%clk 1:31:52]} cxd4 {[%clk 1:31:45]} 4. Nxd4 {[%clk 1:32:19]}
Nf6 {[%clk 1:32:09]} 5. Nc3 {[%clk 1:32:45]} a6 {[%clk 1:32:37]} 6. Be3 {[%clk
1:33:09]} e5 {[%clk 1:32:58]} 7. Nb3 {[%clk 1:33:35]} Be6 {[%clk 1:33:21]} 8.
f3 {[%clk 1:33:59]} h5 {[%clk 1:33:49]} 9. Nd5 {[%clk 1:34:22]} Bxd5 {[%clk
1:34:15]} 10. exd5 {[%clk 1:34:49]} g6 {[%clk 1:34:31]} 11. Qd2 {[%clk
1:35:11]} Bg7 {[%clk 1:34:54]} 12. O-O-O {[%clk 1:35:30]} Nbd7 {[%clk 1:34:59]}
13. Kb1 {[%clk 1:35:24]} Qc7 {[%clk 1:31:54]} 14. Rg1 {[%clk 1:29:57]} Rc8
{[%clk 1:31:28]} 15. Rc1 {[%clk 1:29:45]} e4 {[%clk 1:19:31]} 16. h3 {[%clk
1:28:36]} Ne5 {[%clk 1:07:40]} 17. f4 {[%clk 1:28:39]} Nc4 {[%clk 1:06:16]} 18.
Bxc4 {[%clk 1:29:03]} Qxc4 {[%clk 1:06:37]} 19. Rgd1 {[%clk 1:29:26]} O-O
{[%clk 0:55:54]} 20. Na5 {[%clk 1:29:48]} Qc7 {[%clk 0:54:16]} 21. c4 {[%clk
1:29:49]} Nd7 {[%clk 0:49:44]} 22. b4 {[%clk 1:23:07]} b6 {[%clk 0:47:00]} 23.
Nc6 {[%clk 1:22:37]} Nb8 {[%clk 0:46:04]} 24. Nd4 {[%clk 1:00:21]} Nd7 {[%clk
0:32:56]} 25. g4 {[%clk 0:56:24]} hxg4 {[%clk 0:29:11]} 26. hxg4 {[%clk
0:55:48]} a5 {[%clk 0:28:34]} 27. Nc6 {[%clk 0:43:50]} Rfe8 {[%clk 0:26:30]}
28. Bd4 {[%clk 0:37:18]} e3 {[%clk 0:20:33]} 29. Qh2 {[%clk 0:29:47]} Nf6
{[%clk 0:12:38]} 30. Qb2 {[%clk 0:29:25]} e2 {[%clk 0:11:10]} 31. Re1 {[%clk
0:28:21]} Qd7 {[%clk 0:10:56]} 32. Bxf6 {[%clk 0:28:24]} Bxf6 {[%clk 0:11:15]}
33. Qxf6 {[%clk 0:28:41]} Rxc6 {[%clk 0:10:39]} 34. Rh1 {[%clk 0:28:34]} 1-0

[Event "Deutsche Ländermeisterschaft 2022"]
[Site "Wiesbaden GER"]
[Date "2022.10.03"]
[Round "6"]
[White "Feidt, Jonas"]
[Black "Hänselmann, Hendrik"]
[Result "0-1"]
[Termination "normal"]
[Board "7.3"]
[WhiteElo "1908"]
[BlackElo "1989"]
[WhiteClock "00:01:08"]
[BlackClock "00:26:14"]
[WhiteTeam "Saarland"]
[BlackTeam "Baden 1"]
[PlyCount "140"]
[WhiteFideId "16243617"]
[BlackFideId "16232755"]
[EventCountry "GER"]
[EventRounds "7"]
[EventType "team-swiss"]
[EventDate "2022.09.30"]

1. Nf3 {[%clk 1:30:53]} Nf6 {[%clk 1:30:55]} 2. c4 {[%clk 1:30:53]} g6 {[%clk
1:31:18]} 3. g3 {[%clk 1:31:09]} Bg7 {[%clk 1:31:42]} 4. Bg2 {[%clk 1:31:34]}
O-O {[%clk 1:32:02]} 5. O-O {[%clk 1:31:50]} d6 {[%clk 1:32:25]} 6. Nc3 {[%clk
1:32:07]} e5 {[%clk 1:32:28]} 7. d3 {[%clk 1:32:31]} Nc6 {[%clk 1:32:45]} 8.
Rb1 {[%clk 1:32:48]} a5 {[%clk 1:33:07]} 9. a3 {[%clk 1:33:12]} Re8 {[%clk
1:33:18]} 10. b4 {[%clk 1:32:27]} axb4 {[%clk 1:33:08]} 11. axb4 {[%clk
1:32:55]} e4 {[%clk 1:33:20]} 12. Nxe4 {[%clk 1:09:50]} Nxe4 {[%clk 1:33:41]}
13. dxe4 {[%clk 1:10:15]} Rxe4 {[%clk 1:33:13]} 14. Nd2 {[%clk 1:08:55]} Re8
{[%clk 1:30:59]} 15. Bb2 {[%clk 0:52:12]} Bg4 {[%clk 1:19:02]} 16. Re1 {[%clk
0:51:09]} Qe7 {[%clk 1:11:32]} 17. Bxg7 {[%clk 0:44:38]} Kxg7 {[%clk 1:11:29]}
18. Nf3 {[%clk 0:31:33]} Ra2 {[%clk 1:08:38]} 19. b5 {[%clk 0:27:57]} Ne5
{[%clk 1:00:52]} 20. Qb3 {[%clk 0:26:05]} Rea8 {[%clk 0:59:07]} 21. Nxe5 {[%clk
0:21:24]} Qxe5 {[%clk 0:58:48]} 22. Bxb7 {[%clk 0:19:48]} R8a3 {[%clk 0:57:05]}
23. Qd1 {[%clk 0:20:04]} Rxe2 {[%clk 0:55:33]} 24. Rxe2 {[%clk 0:19:36]} Bxe2
{[%clk 0:54:55]} 25. Qd2 {[%clk 0:10:51]} Ra1 {[%clk 0:49:10]} 26. Qc1 {[%clk
0:08:18]} Rxb1 {[%clk 0:48:10]} 27. Qxb1 {[%clk 0:08:47]} Bxc4 {[%clk 0:48:30]}
28. Bc6 {[%clk 0:08:41]} d5 {[%clk 0:47:42]} 29. Qc1 {[%clk 0:08:14]} Qe2
{[%clk 0:45:38]} 30. Qa1+ {[%clk 0:04:17]} f6 {[%clk 0:43:49]} 31. h4 {[%clk
0:04:15]} Kf7 {[%clk 0:35:55]} 32. Qa7 {[%clk 0:02:04]} Ke6 {[%clk 0:34:43]}
33. Qd4 {[%clk 0:01:18]} Qe5 {[%clk 0:32:33]} 34. Qc5 {[%clk 0:01:02]} Be2
{[%clk 0:30:42]} 35. Qf8 {[%clk 0:00:37]} Bf3 {[%clk 0:28:01]} 36. Kh2 {[%clk
0:00:44]} Qe2 {[%clk 0:20:40]} 37. Qc8+ {[%clk 0:00:39]} Kd6 {[%clk 0:20:02]}
38. Qf8+ {[%clk 0:00:47]} Qe7 {[%clk 0:19:26]} 39. Qh6 {[%clk 0:00:45]} Qe4
{[%clk 0:18:26]} 40. Qf8+ {[%clk 0:00:48]} Qe7 {[%clk 0:16:13]} 41. Qh6 {[%clk
0:27:56]} Be2 {[%clk 0:45:22]} 42. Qd2 {[%clk 0:25:34]} Bc4 {[%clk 0:45:07]}
43. Qb4+ {[%clk 0:24:14]} Ke6 {[%clk 0:45:29]} 44. Qd2 {[%clk 0:24:24]} Qc5
{[%clk 0:43:16]} 45. Qe1+ {[%clk 0:22:51]} Kd6 {[%clk 0:42:43]} 46. Qd2 {[%clk
0:22:09]} Bxb5 {[%clk 0:37:00]} 47. Bxb5 {[%clk 0:22:17]} Qxb5 {[%clk 0:37:29]}
48. Qf4+ {[%clk 0:22:34]} Kc6 {[%clk 0:37:37]} 49. Qxf6+ {[%clk 0:22:38]} Kb7
{[%clk 0:37:40]} 50. Qd4 {[%clk 0:21:19]} Qc6 {[%clk 0:36:47]} 51. Kg1 {[%clk
0:20:01]} Qd6 {[%clk 0:36:57]} 52. Qb2+ {[%clk 0:19:54]} Kc6 {[%clk 0:36:53]}
53. Qc3+ {[%clk 0:19:11]} Qc5 {[%clk 0:35:53]} 54. Qf6+ {[%clk 0:18:11]} Kb5
{[%clk 0:36:05]} 55. Qb2+ {[%clk 0:18:14]} Qb4 {[%clk 0:34:21]} 56. Qe5 {[%clk
0:16:31]} Qb1+ {[%clk 0:31:43]} 57. Kh2 {[%clk 0:16:46]} Qe4 {[%clk 0:32:02]}
58. Qxc7 {[%clk 0:16:02]} d4 {[%clk 0:32:17]} 59. Qxh7 {[%clk 0:15:17]} Qc2
{[%clk 0:31:30]} 60. Qd7+ {[%clk 0:13:43]} Kc4 {[%clk 0:31:39]} 61. Qc6+ {[%clk
0:12:02]} Kb3 {[%clk 0:31:44]} 62. Qb6+ {[%clk 0:11:43]} Kc3 {[%clk 0:31:53]}
63. Qf6 {[%clk 0:10:23]} Qe4 {[%clk 0:30:40]} 64. f3 {[%clk 0:08:52]} Qe3
{[%clk 0:30:26]} 65. Kg2 {[%clk 0:02:19]} Kd2 {[%clk 0:29:17]} 66. Qf4 {[%clk
0:01:38]} Ke2 {[%clk 0:25:00]} 67. Qxe3+ {[%clk 0:00:49]} dxe3 {[%clk 0:25:17]}
68. f4 {[%clk 0:00:33]} Kd2 {[%clk 0:25:30]} 69. Kf3 {[%clk 0:00:42]} e2 {[%clk
0:25:53]} 70. Kg4 {[%clk 0:01:08]} e1=Q {[%clk 0:26:14]} 0-1